Paroles : Salut les Amoureux - Joe Dassin - Statistiques

Statistiques générales
  • Ce quiz a été pris 201 fois
  • Le résultat moyen est 254 sur 306
Statistiques - réponses
Réponse % Correct
à
99%
a
99%
A
99%
se
97%
c'
96%
Les
96%
les
96%
qu'
96%
aimé
95%
de
95%
De
95%
au
94%
Au
94%
comme
94%
et
94%
Et
94%
On
94%
on
94%
pas
94%
Qui
94%
qui
94%
un
94%
bien
93%
passé
93%
peu
93%
que
93%
quitte
93%
s'est
93%
si
93%
demain
92%
Demain
92%
penser
92%
sans
92%
toujours
92%
trop
92%
vient
92%
vite
92%
Aux
91%
la
91%
La
91%
pour
91%
Tout
91%
tout
91%
adieu
90%
ce
90%
en
90%
fait
90%
fois
90%
passent
90%
quelque
90%
adieux
89%
simple
89%
dire
88%
simplement
88%
chose
87%
"Salut
87%
amoureux"
86%
Ça
85%
Quand
85%
quand
85%
ressemblent
84%
vivre
84%
du
83%
ensemble
83%
faut
82%
faut,
82%
il
82%
suivent
80%
temps
80%
choses
79%
ou
79%
quotidien
79%
C'est
78%
c'est
78%
n'est
78%
s'aimer
78%
va
78%
Va
78%
Des
77%
n'était
77%
nous
77%
place
77%
l'amour
76%
encore
75%
mauvais
75%
partir
75%
mille
73%
parler
73%
perdu
73%
l'on
72%
matins
72%
n'suffit
71%
qu'il
71%
café
70%
cent
70%
être
70%
peut-
70%
plus
70%
sait
70%
soir
70%
faire
69%
hier,
69%
maintenant
69%
nos
68%
patronne
68%
tu
68%
facile
67%
peine
67%
elle
66%
même
66%
oublié
66%
crâne
65%
Mais
65%
n'y
65%
trouvait
65%
veux
63%
coeur
62%
l'âge,
62%
mots
62%
rit,
62%
conte
60%
fées
60%
tient
60%
tous
60%
voir
60%
tiennent
59%
croirait
58%
inachevé,
58%
roman
58%
tard
58%
tôt
58%
Une
58%
passer
57%
autres
56%
drôle,
55%
Est
55%
histoire
54%
nôtre
51%
s'ennuyait
50%
Juliette
49%
Roméo,
49%
jamais
48%
qu'on
48%
souvenirs
46%
rôles
43%
celles
42%
Laisser
42%
petite
41%
écrira
39%
ici
39%
descendre
38%
fond
36%
vos
36%
bouquins
34%
Allons
33%
paix
33%
regarde,
32%
dormez
30%
Aucun quiz correspondant
Distribution des résultats
% des personnes avec chaque résultat
Percentile par nombre de réponses
Votre historique - résultats
Vous n’avez pas pris ce quiz